Sports Quiz

Random Sports or Auto Racing Quiz

Italians To Win in F1 Quiz Stats

 Plays Quiz not verified by Sporcle

Score 0/15 Timer 07:00
0 Plays Today
Driver % Correct
Alberto Ascari
93.3%
Giancarlo Fisichella
90.8%
Jarno Trulli
90.8%
Nino Farina
85.2%
Riccardo Patrese
72.9%
Michele Alboreto
72.8%
Elio de Angelis
55.7%
Luigi Fagioli
50.8%
Driver % Correct
Alessandro Nannini
49.8%
Lorenzo Bandini
49.7%
Luigi Musso
47.5%
Giancarlo Baghetti
41.1%
Ludovico Scarfiotti
41.1%
Vittorio Brambilla
40.3%
Piero Taruffi
39.9%

You're not logged in!

Compare scores with friends on all Sporcle quizzes.
OR
Log In

Sporcle TV

Today on Sporcle TV


Watch our educational content, quiz creation guides, and fun videos on Sporcle TV.

Show Comments

Extras

Top Quizzes Today


Score Distribution

Your Account Isn't Verified!

In order to create a playlist on Sporcle, you need to verify the email address you used during registration. Go to your Sporcle Settings to finish the process.

Report this User

Report this user for behavior that violates our Community Guidelines.

Details: